000
00351nam a2200169Ia 4500
003
0100
008
130303s9999 xx 000 0 und d
040
_c
ARRUPELIB
050
_a
BL535.H52
100
_a
Hick, John
245
_a
Death and eternal life
260
_a
NY
260
_b
Harper Row
260
_C
1976
300
_a
495p
942
0
0
_0
1
999
_c
28763
_d
28763